00446nam a2200169Ia 450000500170000000800410001704000190005804100120007708200160008910000170010524500620012226000370018430000110022150400190023265000140025185000110026520240409133204.0131103s9999 xx 000 0 und d aLoreto College aEnglish a370.1 bCAS aCastle, E.B. aPrinciples of Education for Teachers in IndiacE.B.Castle aLondonbOxford University c1969 a223p.  aIncludes index aEducation aLCLIB